000 00387 a2200145 4500
001 167909
020 _a
040 _cMagnum
100 _aGallardo, Jorge Sergio Perez (Org)
240 1 0 _aEducacao fisica: contribuicoes a formacao profissional
_lpor
245 1 0 _aEducacao fisica: contribuicoes a formacao profissional
362 0 _a1899
697 _aEDUCACAO FISICA
942 _cBK
999 _c167909
_d167909